Loreto College Library, Kolkata
WEBOPAC (ONLINE PUBLIC ACCESS CATALOGUE)

Hindi Sahitya (Record no. 18091)

MARC details
000 -LEADER
fixed length control field 00510nam a2200193Ia 4500
005 - DATE AND TIME OF LATEST TRANSACTION
control field 20010101040150.0
008 - FIXED-LENGTH DATA ELEMENTS--GENERAL INFORMATION
fixed length control field 131103s9999 xx 000 0 und d
040 ## - CATALOGING SOURCE
Original cataloging agency Loreto College
041 ## - LANGUAGE CODE
Language code English
082 ## - DDC | ডিউই
Classification number | বর্গসংখ্যা 891.4309
Book Number | গ্রন্থাঙ্ক SHA
100 ## - MAIN ENTRY--PERSONAL NAME | মুখ্য সংলেখ - ব্যাক্তিনাম
Personal name | ব্যাক্তিনাম Sharma,Shivkumar
245 ## - TITLE STATEMENT | অাখ্যা বিবরণী
Title | অাখ্যা Hindi Sahitya
Sub title | উপঅাখ্যা Yug aur Pravittiya
Statement of responsibility | লেখকের দায়িত্বের বিবরণ Shivkumar Sharma
260 ## - IMPRINT | প্রকাশনা ক্ষেত্র
Place of publication | প্রকাশ স্থান Delhi
Name of publisher | প্রকাশকের নাম Akash Prakashan
Date of publication | প্রকাশ কাল 2006
300 ## - PHYSICAL DESCRIPTION |
Page / Vol. No | পৃষ্ঠা / খন্ড সংখ্যা 728 p.
650 ## - SUBJECT ADDED ENTRY--TOPICAL TERM | বিষয় শিরোনাম - মূল বিষয়
Topical term | মূল বিষয় Hindi Literature
651 ## - SUBJECT ADDED ENTRY--GEOGRAPHIC NAME | বিষয় শিরোনাম - ভৌগলিক নাম
Geographic name | ভৌগলিক বিষয় Literature,Hindi - History
850 ## - HOLDING INSTITUTION
Holding institution LCLIB
942 ## - ADDED ENTRY ELEMENTS (KOHA)
Koha item type Books
Holdings
Withdrawn status Lost status Damaged status Not for loan Home library Current library Date acquired Total Checkouts Full call number Accession No. Date last seen Price effective from Koha item type
        Loreto College Loreto College 04/11/2013   891.4309/SHA LCLIB/HinSemLib492,547,548,549/45357,45356,45358,45359 B18625 04/11/2013 04/11/2013 Books
        Loreto College Loreto College 04/11/2013   891.4309/SHA LCLIB/HinSemLib492,547,548,549/45357,45356,45358,45359 B18626 04/11/2013 04/11/2013 Books
        Loreto College Loreto College 04/11/2013   891.4309/SHA LCLIB/HinSemLib492,547,548,549/45357,45356,45358,45359 B18627 04/11/2013 04/11/2013 Books
        Loreto College Loreto College 04/11/2013   891.4309/SHA LCLIB/HinSemLib492,547,548,549/45357,45356,45358,45359 B18628 04/11/2013 04/11/2013 Books